Most Used Sources in AMV Hell 5 Quiz Stats

 Plays Quiz not verified by Sporcle

Challenge
Share
Tweet
Embed
Score 0/12 Timer 05:00
0 Plays Today
Rank Anime % Correct
8 (tie)Naruto
70.4%
2 (tie)Death Note
66.7%
1Dragon Ball Z
59.3%
2 (tie)Neon Genesis Evangelion
59.3%
5 (tie)Azumanga Daioh
55.6%
5 (tie)Fullmetal Alchemist
50%
5 (tie)One Piece
50%
10 (tie)The Melancholy of Haruhi Suzumiya
44.4%
4Pokemon
40.7%
10 (tie)Soul Eater
24.1%
8 (tie)Ouran High School Host Club
20.4%
10 (tie)Shugo Chara
13%

You're not logged in!

Compare scores with friends on all Sporcle quizzes.
OR
Log In

You Might Also Like...

Show Comments

Extras

Created Aug 23, 2011ReportNominate
Tags:Anime Quiz

Top Quizzes Today


Score Distribution

Your Account Isn't Verified!

In order to create a playlist on Sporcle, you need to verify the email address you used during registration. Go to your Sporcle Settings to finish the process.

Report this User

Report this user for behavior that violates our Community Guidelines.

Details: